Rafaela (Registo nº 4086)

Detalhes MARC
000 -Etiqueta do registo
Cabeçalho 00722nam0a2200265 4500
005 - Identificador da versão
Campo de controlo 20240903104501.0
010 ## - Número internacional normalizado dos livros (ISBN)
Número (ISBN) 9789722338691
021 ## - Número do Depósito Legal
Código do país PT
Número 267 275/07
100 ## - Dados gerais de processamento
Dados gerais de processamento 20190520d2007 mc y0pory5003 ba
101 0# - Língua de publicação
Língua do texto, banda sonora, etc. Português
102 ## - Pais de publicação ou produção
País de publicação Portugal
200 1# - Titulo e menção de responsabilidade
Título próprio Rafaela
Primeira menção de responsabilidade Margarida Fonseca Santos
Outras menções de responsabilidade il. Inês do Carmo
205 ## - Menção da edição
Menção da edição 1ª ed
210 ## - Publicação, Distribuição, etc. 
Lugar da edição, distribuição, etc. Barcarena
Nome do editor, distribuidor, etc. Presença
Data da publicação, distribuição, etc. 2007
215 ## - Descrição física 
Indicação específica da natureza do documento e extensão da espécie (36) p.
Outras indicações físicas il. color
225 1# - Colecção 
Título próprio da colecção A arca do tesouro
Indicação de volume 18
300 ## - Notas gerais 
Texto da nota PNL
606 ## - Nome comum usado como assunto
Número de registo de entrada de autoridade 0001335
Palavra de ordem Literatura portuguesa
Subdivisão de assunto Conto
Código do sistema CA
675 ## - Classificação Decimal Universal (CDU)
Notação 821.134.3-34
Edição 3ª ed.
Língua da edição por
700 #1 - Nome de autor-pessoa física (responsabilidade principal)
Número de registo de entrada de autoridade 0000652
Palavra de ordem Santos
Outra parte do nome não tomada para palavra de ordem Margarida Fonseca
Datas 1960-
702 #1 - Nome de autor-pessoa física (responsabilidade secundária)
Número de registo de entrada de autoridade 0000651
Palavra de ordem Carmo
Outra parte do nome não tomada para palavra de ordem Inês do
Código de função Ilustrador / Técnico de desenho computorizado
942 ## - Elementos de entrada adicionados (Koha)
Tipo de item no Koha Livro
966 ## - Identificação da Biblioteca
Sigla EBVEN
Exemplares
Situação do levantamento Origin of item (home branch) (coded) Biblioteca de empréstimo Código de barras Cota Circulation type (not for loan) Tipo de documento Nota do exemplar Damaged status
  Biblioteca Escolar das Vendas Biblioteca Escolar das Vendas BEV2447 8POR SAN PNL   Livro Sem mensagem